[Event "CYCC U16 w"]
[Site "Richmond Hill CAN"]
[Date "2011.07.06"]
[Round "3"]
[White "Roy, Myriam"]
[Black "Ding, Jill"]
[Result "1-0"]
[WhiteElo "1935"]
[BlackElo "1277"]
[PlyCount "121"]
[GameId "2160767909704057"]
[EventDate "2011.07.06"]
[EventType "swiss"]
[EventRounds "7"]
[EventCountry "CAN"]
[SourceTitle "EXT 2022"]
[Source "ChessBase"]
[SourceDate "2021.10.06"]
[SourceVersion "1"]
[SourceVersionDate "2021.10.06"]
[SourceQuality "1"]

1. e4 c5 2. Nf3 d6 3. d4 cxd4 4. Nxd4 Nf6 5. Nc3 a6 6. f4 e5 7. Nf3 Be7 8. Bd3 Qc7 9. O-O Be6 10. Qe2 b5 11. f5 Bc8 12. Bg5 Bb7 13. Rae1 Nbd7 14. Kh1 Rc8 15. Nd1 Nc5 16. Nf2 h6 17. Bxf6 Bxf6 18. Ng4 Be7 19. f6 gxf6 20. Nh4 Ne6 21. Nf5 Nf4 22. Qf2 h5 23. Qh4 Ng6 24. Nxf6+ Kf8 25. Qg5 Qd8 26. Nxe7 Qxe7 27. Qf5 Nf4 28. g3 Rh6 29. gxf4 Qxf6 30. fxe5 Qxf5 31. Rxf5 dxe5 32. Rxe5 f6 33. Rf5 Ke7 34. h3 Rg8 35. Rg1 Rxg1+ 36. Kxg1 Rg6+ 37. Kf2 Rg5 38. Rf4 Bc8 39. h4 Re5 40. Ke3 Be6 41. a3 f5 42. Kd4 Kf6 43. exf5 Bxf5 44. Bxf5 Rxf5 45. Ke4 Rxf4+ 46. Kxf4 a5 47. b3 b4 48. axb4 axb4 49. Ke4 Ke6 50. Kd4 Kf5 51. c4 bxc3 52. Kxc3 Kg4 53. b4 Kxh4 54. b5 Kg4 55. b6 h4 56. b7 h3 57. b8=Q Kh4 58. Qh2 Kg4 59. Kd4 Kh4 60. Ke4 Kg4 61. Qg1+ 1-0

[Event "CYCC U16 w"]
[Site "Richmond Hill CAN"]
[Date "2011.07.07"]
[Round "4"]
[White "Moayyed, Kimia"]
[Black "Moghtader, Yasamin"]
[Result "0-1"]
[WhiteElo "1140"]
[BlackElo "1535"]
[PlyCount "111"]
[GameId "2160767909704058"]
[EventDate "2011.07.06"]
[EventType "swiss"]
[EventRounds "7"]
[EventCountry "CAN"]
[SourceTitle "EXT 2022"]
[Source "ChessBase"]
[SourceDate "2021.10.06"]
[SourceVersion "1"]
[SourceVersionDate "2021.10.06"]
[SourceQuality "1"]

1. e4 e5 2. Nf3 Nc6 3. Nc3 Bc5 4. Nxe5 Nxe5 5. d4 Bd6 6. dxe5 Bxe5 7. Bd3 Nf6 8. O-O d5 9. Re1 d4 10. Ne2 O-O 11. Bg5 h6 12. Bh4 Qd6 13. Ng3 g5 14. f4 gxh4 15. fxe5 Qxe5 16. Nf5 Bxf5 17. exf5 Qf4 18. Re4 Nxe4 19. Qh5 Qe3+ 20. Kh1 Nf2+ 21. Kg1 Nxd3+ 22. Kh1 Qg5 23. Qf3 Nf4 24. Rg1 Qxf5 25. g3 hxg3 26. hxg3 Qh5+ 27. Qxh5 Nxh5 28. g4 Nf6 29. g5 Kg7 30. gxf6+ Kxf6 31. Rf1+ Kg7 32. Rg1+ Kh7 33. Kh2 Rg8 34. Rf1 Rg7 35. Kh3 Rag8 36. Rf3 h5 37. Rf5 Kg6 38. Rf3 f5 39. Kh4 Rh8 40. Rg3+ Kf6 41. Rd3 Rg4+ 42. Kh3 Ke5 43. Rd2 Ke4 44. Re2+ Kf3 45. Rd2 Re4 46. Rd3+ Re3 47. Rxd4 Kf2+ 48. Kh2 Rg8 49. Rd2+ Kf3 50. c4 Re2+ 51. Rxe2 Kxe2 52. b4 f4 53. a4 f3 54. c5 f2 55. b5 f1=Q 56. a5 0-1

[Event "CYCC U16 w"]
[Site "Richmond Hill CAN"]
[Date "2011.07.08"]
[Round "5"]
[White "Ding, Jill"]
[Black "Wang, Yan"]
[Result "0-1"]
[WhiteElo "1277"]
[BlackElo "1594"]
[PlyCount "135"]
[GameId "2160767909704059"]
[EventDate "2011.07.06"]
[EventType "swiss"]
[EventRounds "7"]
[EventCountry "CAN"]
[SourceTitle "EXT 2022"]
[Source "ChessBase"]
[SourceDate "2021.10.06"]
[SourceVersion "1"]
[SourceVersionDate "2021.10.06"]
[SourceQuality "1"]

1. e4 c5 2. c4 Nc6 3. Nc3 d6 4. g3 g6 5. Bg2 Bg7 6. Nge2 a6 7. a4 e6 8. O-O Nge7 9. d3 O-O 10. Rb1 Qc7 11. Be3 Bd7 12. f4 Nb4 13. g4 f5 14. h3 Rab8 15. Bf2 Bf6 16. Qe1 Nxd3 17. Qd2 Nxf2 18. Rxf2 Bc6 19. Kh2 Rbd8 20. Ng3 Bg7 21. b3 Bd4 22. Rff1 d5 23. cxd5 exd5 24. e5 Bxc3 25. Qxc3 b6 26. Qc2 Qc8 27. g5 d4 28. Bxc6 Nxc6 29. Qc4+ Kg7 30. Rbd1 Rf7 31. h4 Nb4 32. h5 Nd5 33. h6+ Kg8 34. e6 Re7 35. Rfe1 Ne3 36. Rxe3 dxe3 37. Rxd8+ Qxd8 38. Qxa6 Rxe6 39. Ne2 Kf7 40. Kg2 Qd5+ 41. Kg3 Qxb3 42. Qb7+ Re7 43. Qc6 Qe6 44. Qb5 Rd7 45. Kf3 Ke7 46. Qb2 Kd8 47. Qc3 Kc7 48. a5 Qe4+ 49. Kg3 Qd3 50. axb6+ Kxb6 51. Qb2+ Qb5 52. Qf6+ Kb7 53. Kf3 Qc6+ 54. Qxc6+ Kxc6 55. Kxe3 Re7+ 56. Kd3 Rxe2 57. Kxe2 Kd5 58. Kd3 c4+ 59. Kc3 Kc5 60. Kc2 Kd4 61. Kd2 Ke4 62. Kc3 Kxf4 63. Kxc4 Kxg5 64. Kd3 Kf4 65. Ke2 Kg3 66. Kf1 Kf3 67. Kg1 Ke2 68. Kg2 0-1

[Event "CYCC U16 w"]
[Site "Richmond Hill CAN"]
[Date "2011.07.08"]
[Round "6"]
[White "Vyravanathan, Sobiga"]
[Black "Ding, Jill"]
[Result "1-0"]
[WhiteElo "1388"]
[BlackElo "1277"]
[PlyCount "117"]
[GameId "2160767909704062"]
[EventDate "2011.07.06"]
[EventType "swiss"]
[EventRounds "7"]
[EventCountry "CAN"]
[SourceTitle "EXT 2022"]
[Source "ChessBase"]
[SourceDate "2021.10.06"]
[SourceVersion "1"]
[SourceVersionDate "2021.10.06"]
[SourceQuality "1"]

1. e4 c5 2. Nf3 d6 3. d4 cxd4 4. Nxd4 Nf6 5. Nc3 a6 6. Be3 e5 7. Nf3 Be6 8. Be2 Be7 9. O-O Nbd7 10. Ng5 O-O 11. Nxe6 fxe6 12. Bc4 Kf7 13. Qf3 b5 14. Bb3 Nb6 15. Rfd1 Nc4 16. Rab1 Kg8 17. Qh3 Qd7 18. a4 Rac8 19. axb5 axb5 20. Nxb5 Nxe4 21. Qg4 d5 22. Qxe4 Qxb5 23. Bxc4 dxc4 24. Qg4 Qc6 25. Bh6 Rf7 26. Bd2 Bc5 27. Rf1 Rcf8 28. Be3 Bxe3 29. fxe3 Rf5 30. Qe2 R8f6 31. Rbd1 Qc7 32. Qd2 Rxf1+ 33. Rxf1 Rxf1+ 34. Kxf1 Kf8 35. Ke1 Ke7 36. Qf2 Kd7 37. Qf7+ Kd6 38. Qxc7+ Kxc7 39. Kd2 Kd6 40. e4 Kc5 41. Kc3 Kb5 42. b3 cxb3 43. cxb3 g6 44. g4 h6 45. h4 h5 46. gxh5 gxh5 47. b4 Kb6 48. Kc4 Kc6 49. b5+ Kb6 50. Kb4 Kb7 51. Kc5 Kc7 52. b6+ Kb7 53. Kb5 Kb8 54. Kc6 Kc8 55. Kd6 Kb7 56. Kxe6 Kxb6 57. Kxe5 Kc7 58. Kf6 Kd7 59. Kg5 1-0

[Event "CYCC U16 w"]
[Site "Richmond Hill CAN"]
[Date "2011.07.08"]
[Round "7"]
[White "Ding, Jill"]
[Black "Plotkin, Rina"]
[Result "0-1"]
[WhiteElo "1277"]
[BlackElo "1402"]
[PlyCount "120"]
[GameId "2160767909704063"]
[EventDate "2011.07.06"]
[EventType "swiss"]
[EventRounds "7"]
[EventCountry "CAN"]
[SourceTitle "EXT 2022"]
[Source "ChessBase"]
[SourceDate "2021.10.06"]
[SourceVersion "1"]
[SourceVersionDate "2021.10.06"]
[SourceQuality "1"]

1. e4 e5 2. Nf3 Nc6 3. Bc4 Bc5 4. c3 Nf6 5. d4 exd4 6. cxd4 Bb6 7. Nc3 h6 8. O-O O-O 9. Bf4 d6 10. h3 Re8 11. Re1 Ba5 12. a3 Bxc3 13. bxc3 Nxe4 14. Qb3 Re7 15. Bd3 Nf6 16. Rxe7 Nxe7 17. Re1 b6 18. Bc4 d5 19. Bd3 Bf5 20. Bxf5 Nxf5 21. Qc2 Nd6 22. Bg3 Qd7 23. Bh4 Nfe4 24. Ne5 Qb5 25. f3 Ng5 26. Bxg5 hxg5 27. a4 Qa6 28. Rc1 c5 29. dxc5 bxc5 30. Nd3 Rc8 31. Re1 d4 32. Nb2 Qa5 33. Rc1 dxc3 34. Qxc3 Qxc3 35. Rxc3 f6 36. Kf2 Kf7 37. Ke3 Ke6 38. Nc4 Rb8 39. Nxd6 Kxd6 40. Rc4 Rb4 41. Kd3 Rxc4 42. Kxc4 Kc6 43. g3 Kb6 44. f4 gxf4 45. gxf4 Ka5 46. Kxc5 Kxa4 47. Kc4 f5 48. h4 g6 49. Kd5 Kb5 50. Ke6 a5 51. Kf6 a4 52. Kxg6 a3 53. h5 a2 54. h6 a1=Q 55. h7 Qh8 56. Kxf5 Qxh7+ 57. Ke5 Qe7+ 58. Kd5 Kb6 59. f5 Kc7 60. Kd4 Kd6 0-1

[Event "CYCC U16 w"]
[Site "Richmond Hill CAN"]
[Date "2011.07.08"]
[Round "7"]
[White "Ugodnikov, Jennifer"]
[Black "Moayyed, Kimia"]
[Result "0-1"]
[WhiteElo "1056"]
[BlackElo "1140"]
[PlyCount "78"]
[GameId "2160767909704064"]
[EventDate "2011.07.06"]
[EventType "swiss"]
[EventRounds "7"]
[EventCountry "CAN"]
[SourceTitle "EXT 2022"]
[Source "ChessBase"]
[SourceDate "2021.10.06"]
[SourceVersion "1"]
[SourceVersionDate "2021.10.06"]
[SourceQuality "1"]

1. e4 e5 2. Nf3 Nc6 3. Bc4 d6 4. c3 Bg4 5. d3 g6 6. Be3 Nf6 7. Nbd2 Bg7 8. Qb3 O-O 9. Qxb7 Bd7 10. Qa6 Rb8 11. Rb1 Qe8 12. Bxa7 Ra8 13. Qb5 Rxa7 14. a3 Nd4 15. Bxf7+ Rxf7 16. Qc4 Bb5 17. Qa2 Nc2+ 18. Ke2 Kh8 19. Rbc1 Ba4 20. b3 Nd4+ 21. cxd4 Bb5 22. dxe5 dxe5 23. b4 Bh6 24. Nxe5 Re7 25. Nef3 Nxe4 26. Qb2+ Nc3+ 27. Kf1 Bxd3+ 28. Kg1 Bxd2 29. Qxd2 Ne2+ 30. Qxe2 Rxe2 31. h3 Rxa3 32. Kh2 Rxf2 33. Rxc7 Qd8 34. Rhc1 Qd6+ 35. Kh1 Qg3 36. Rc8+ Kg7 37. Rg1 Raa2 38. Ne1 Qxh3+ 39. gxh3 Rh2# 0-1

[Event "CYCC U16 w"]
[Site "Richmond Hill CAN"]
[Date "2011.07.08"]
[Round "7"]
[White "Wang, Yan"]
[Black "Botez, Alexandra"]
[Result "0-1"]
[WhiteElo "1594"]
[BlackElo "2005"]
[PlyCount "54"]
[GameId "2160767909704065"]
[EventDate "2011.07.06"]
[EventType "swiss"]
[EventRounds "7"]
[EventCountry "CAN"]
[SourceTitle "EXT 2022"]
[Source "ChessBase"]
[SourceDate "2021.10.06"]
[SourceVersion "1"]
[SourceVersionDate "2021.10.06"]
[SourceQuality "1"]

1. e4 e6 2. d4 d5 3. Nd2 Nf6 4. e5 Nfd7 5. Ngf3 c5 6. c3 Nc6 7. Bb5 cxd4 8. Bxc6 bxc6 9. cxd4 Ba6 10. Nb3 Qc7 11. Be3 Bb4+ 12. Bd2 Be7 13. Ng5 Nxe5 14. Nc1 Nc4 15. b3 Nxd2 16. Qxd2 Rb8 17. a3 O-O 18. b4 e5 19. Nf3 exd4 20. Nxd4 Bf6 21. Ra2 Rfe8+ 22. Nde2 Re7 23. O-O Rbe8 24. Re1 Qe5 25. f4 Qe3+ 26. Qxe3 Rxe3 27. Kf2 d4 0-1

[Event "CYCC U18"]
[Site "Richmond Hill CAN"]
[Date "2011.07.06"]
[Round "1"]
[White "Orlova, Yelizaveta"]
[Black "Fu, Linda"]
[Result "1-0"]
[WhiteElo "2073"]
[BlackElo "918"]
[PlyCount "63"]
[GameId "2160767909704068"]
[EventDate "2011.07.06"]
[EventType "swiss"]
[EventRounds "7"]
[EventCountry "CAN"]

1. Nf3 d5 2. b3 Nf6 3. Bb2 Nc6 4. e3 Bf5 5. a3 e6 6. d4 Bd6 7. c4 O-O 8. Nc3 b6 9. h3 Re8 10. Nh4 h6 11. Nxf5 exf5 12. Nxd5 f4 13. Qf3 Nxd5 14. cxd5 Na5 15. Bb5 Nxb3 16. Rd1 Re7 17. O-O fxe3 18. fxe3 c5 19. dxc6 Qe8 20. Qd5 Nxd4 21. Bxd4 Rd8 22. Qf5 Rc8 23. Bxg7 Be5 24. Bxh6 Rcc7 25. Bf4 Bxf4 26. Rxf4 Rxe3 27. Rg4+ Kf8 28. Qf6 Re5 29. Rd8 Re6 30. Rxe8+ Rxe8 31. Qd6+ Rce7 32. Qh6# 1-0

[Event "CYCC U18"]
[Site "Richmond Hill CAN"]
[Date "2011.07.06"]
[Round "1"]
[White "Sapozhnikov, Roman"]
[Black "Laceste, Loren"]
[Result "1/2-1/2"]
[WhiteElo "2295"]
[BlackElo "2027"]
[PlyCount "152"]
[GameId "2160767909704069"]
[EventDate "2011.07.06"]
[EventType "swiss"]
[EventRounds "7"]
[EventCountry "CAN"]
[SourceTitle "EXT 2022"]
[Source "ChessBase"]
[SourceDate "2021.10.06"]
[SourceVersion "1"]
[SourceVersionDate "2021.10.06"]
[SourceQuality "1"]

1. e4 c6 2. d4 d5 3. e5 Bf5 4. Nf3 e6 5. Be2 Nd7 6. O-O Ne7 7. Nh4 Bg6 8. Nd2 c5 9. c3 Nc6 10. Nxg6 hxg6 11. Nf3 Be7 12. Be3 a6 13. g3 b5 14. h4 Qb6 15. Kg2 c4 16. Ng5 Bxg5 17. Bxg5 f6 18. Be3 Ne7 19. h5 g5 20. f4 Nf5 21. Bf2 gxf4 22. gxf4 Kf7 23. Bg4 Nh6 24. Bh4 f5 25. Bf3 Rag8 26. Bg5 Kf8 27. Rh1 Nf7 28. Qd2 Qc6 29. Kf2 Rh7 30. Rag1 Nb6 31. Bh4 Qd7 32. Rg3 a5 33. Rhg1 Nh6 34. Rg6 Nc8 35. Ke1 Ne7 36. Bxe7+ Qxe7 37. Qg2 Qd7 38. b3 Nf7 39. bxc4 bxc4 40. Qb2 Nd8 41. Qa3+ Kf7 42. h6 Qe7 43. Qxe7+ Kxe7 44. Rxg7+ Rhxg7 45. hxg7 Nc6 46. Bd1 Kf7 47. Bh5+ Ke7 48. Kf2 Na7 49. Rg3 Nb5 50. Ke2 a4 51. Kd2 a3 52. Rg1 Nc7 53. Ke3 Ne8 54. Rb1 Nc7 55. Rg1 Ne8 56. Rb1 Nc7 57. Rb7 Kd7 58. Ra7 Rxg7 59. Bf3 Rh7 60. Rxa3 Rh2 61. Bd1 Kc6 62. Ra5 Kb6 63. Rc5 Rxa2 64. Bh5 Ra8 65. Bf7 Na6 66. Bxe6 Nxc5 67. dxc5+ Kxc5 68. Bxf5 Ra3 69. Kd2 d4 70. cxd4+ Kxd4 71. Bc2 Re3 72. Bg6 c3+ 73. Kc2 Re2+ 74. Kd1 Re3 75. Kc2 Re2+ 76. Kd1 Re3 1/2-1/2

[Event "CYCC U18"]
[Site "Richmond Hill CAN"]
[Date "2011.07.06"]
[Round "1"]
[White "Wang, Jesse BJ"]
[Black "Martchenko, Alexander"]
[Result "0-1"]
[WhiteElo "1998"]
[BlackElo "2395"]
[PlyCount "96"]
[GameId "2160767909704070"]
[EventDate "2011.07.06"]
[EventType "swiss"]
[EventRounds "7"]
[EventCountry "CAN"]

1. e4 c5 2. Nf3 Nc6 3. Nc3 e6 4. d4 cxd4 5. Nxd4 d6 6. g3 Nf6 7. Bg2 Bd7 8. O-O Be7 9. h3 a6 10. Be3 O-O 11. g4 Rc8 12. f4 Nxd4 13. Bxd4 Bc6 14. Qe2 Nd7 15. Rad1 b5 16. a3 Qc7 17. Na2 Nc5 18. Nb4 Bb7 19. Nd3 Na4 20. c3 Nb6 21. Qf2 Nd7 22. Be3 Qc4 23. Nc1 e5 24. fxe5 Nxe5 25. Qg3 Qe6 26. Ne2 Qa2 27. Bc1 Nc4 28. Nd4 Bd8 29. b3 Bb6 30. bxc4 Qxc4 31. Bb2 Qb3 32. Qf2 Qc4 33. Kh1 Rce8 34. Rfe1 Qc8 35. Qd2 Qa8 36. Qf4 Bc7 37. Nf5 Re6 38. c4 f6 39. cxb5 Rfe8 40. Ng3 axb5 41. g5 fxg5 42. Qxg5 Rg6 43. Qe3 d5 44. Qb3 Bxg3 45. Re3 Bf4 46. Red3 Kh8 47. e5 d4 48. Bf3 Be3 0-1

[Event "CYCC U18"]
[Site "Richmond Hill CAN"]
[Date "2011.07.06"]
[Round "1"]
[White "Zhou, Kevin"]
[Black "Fan, Brendan"]
[Result "0-1"]
[WhiteElo "1904"]
[BlackElo "2097"]
[PlyCount "64"]
[GameId "2160767909704071"]
[EventDate "2011.07.06"]
[EventType "swiss"]
[EventRounds "7"]
[EventCountry "CAN"]

1. e4 c5 2. Nf3 d6 3. d4 cxd4 4. Nxd4 Nf6 5. Nc3 Bd7 6. Be2 e5 7. Nb3 Bc6 8. Bg5 Nbd7 9. Bc4 Be7 10. Bxf6 Nxf6 11. Qd3 a6 12. Bd5 O-O 13. O-O Rc8 14. Rac1 Nxd5 15. exd5 Bd7 16. Nd2 b5 17. a3 f5 18. f3 Qb6+ 19. Kh1 a5 20. Ncb1 Bg5 21. c3 Be3 22. b4 f4 23. Rc2 Bf5 24. Ne4 Bg6 25. Nbd2 Rc7 26. Rb1 Rfc8 27. bxa5 Qxa5 28. Qxb5 Qxa3 29. Rb3 Qa7 30. Nb1 Rc4 31. Rb4 Rxb4 32. Qxb4 Rb8 0-1

[Event "CYCC U18"]
[Site "Richmond Hill CAN"]
[Date "2011.07.06"]
[Round "2"]
[White "Martchenko, Alexander"]
[Black "Fan, Brendan"]
[Result "1-0"]
[WhiteElo "2395"]
[BlackElo "2097"]
[PlyCount "77"]
[GameId "2160767909704073"]
[EventDate "2011.07.06"]
[EventType "swiss"]
[EventRounds "7"]
[EventCountry "CAN"]

1. e4 c5 2. Nf3 d6 3. d4 cxd4 4. Nxd4 Nf6 5. Nc3 Bd7 6. f3 e5 7. Nb3 Bc6 8. Bg5 Nbd7 9. Qd2 h6 10. Be3 Be7 11. O-O-O a6 12. g4 Qc7 13. h4 b5 14. Bd3 Nc5 15. g5 hxg5 16. hxg5 Rxh1 17. Rxh1 Nfd7 18. Rh7 Bf8 19. Bf1 O-O-O 20. Qf2 Kb7 21. Kb1 b4 22. Nd5 Bxd5 23. exd5 a5 24. Bb5 a4 25. Bc6+ Kc8 26. Nxc5 dxc5 27. Qf1 Nb8 28. Qh3+ Nd7 29. Qf5 Qd6 30. Qxf7 c4 31. Bb6 Be7 32. Bxd8 Kxd8 33. Rh8+ Kc7 34. Qe8 Nf8 35. Qa8 a3 36. Qa5+ Kc8 37. Rh4 Qc7 38. Qa6+ Kd8 39. Rxc4 1-0

[Event "CYCC U18"]
[Site "Richmond Hill CAN"]
[Date "2011.07.06"]
[Round "2"]
[White "Miller, David"]
[Black "Zhou, Kevin"]
[Result "1/2-1/2"]
[WhiteElo "1936"]
[BlackElo "1904"]
[PlyCount "103"]
[GameId "2160767909704074"]
[EventDate "2011.07.06"]
[EventType "swiss"]
[EventRounds "7"]
[EventCountry "CAN"]

1. e4 e5 2. Nf3 Nc6 3. Bb5 a6 4. Bxc6 dxc6 5. O-O Bd6 6. d4 exd4 7. Qxd4 f6 8. Nbd2 Be6 9. Nc4 Bxh2+ 10. Kxh2 Qxd4 11. Nxd4 Bxc4 12. Rd1 O-O-O 13. b3 c5 14. bxc4 cxd4 15. c5 Ne7 16. Rd3 Nc6 17. Rb1 Rhe8 18. f3 Re5 19. Ba3 f5 20. exf5 Rxf5 21. Re1 Re5 22. Red1 Re2 23. R1d2 Rxd2 24. Rxd2 Re8 25. Bb2 Re5 26. Ba3 g5 27. Kg3 h5 28. Kf2 a5 29. Re2 Kd7 30. Rxe5 Nxe5 31. Bc1 Nf7 32. Bb2 Ke6 33. Bxd4 Kd5 34. Ke3 Ne5 35. c3 a4 36. f4 Nc4+ 37. Kf3 g4+ 38. Kg3 Ke4 39. Kh4 Kxf4 40. Kxh5 b5 41. cxb6 cxb6 42. Kh4 b5 43. Ba7 Nd2 44. Bb8+ Kf5 45. Bd6 Ne4 46. Bb4 Nf6 47. Kg3 Nd5 48. Ba5 Nf6 49. Kf2 Nd5 50. Kg3 Kg5 51. Bd8+ Kf5 52. Ba5 1/2-1/2

[Event "CYCC U18"]
[Site "Richmond Hill CAN"]
[Date "2011.07.06"]
[Round "2"]
[White "Sapozhnikov, Roman"]
[Black "Orlova, Yelizaveta"]
[Result "1-0"]
[WhiteElo "2295"]
[BlackElo "1934"]
[PlyCount "83"]
[GameId "2160767909704075"]
[EventDate "2011.07.06"]
[EventType "swiss"]
[EventRounds "7"]
[EventCountry "CAN"]
[SourceTitle "EXT 2012"]
[Source "ChessBase"]
[SourceDate "2011.11.24"]
[SourceVersion "1"]
[SourceVersionDate "2011.11.24"]
[SourceQuality "1"]

1. e4 b6 2. d4 Bb7 3. Nc3 e6 4. Bd3 Ne7 5. Nf3 d6 6. h4 Nd7 7. Be3 h6 8. h5 d5 9. exd5 Nxd5 10. Nxd5 Bxd5 11. Qe2 Be7 12. c4 Bb7 13. O-O-O a6 14. Ne5 Bf6 15. f4 Qe7 16. Bf2 Bxe5 17. fxe5 Qb4 18. Bh4 b5 19. d5 Nc5 20. dxe6 Nxe6 21. Qg4 Bd5 22. Bf5 Qxc4+ 23. Qxc4 Bxc4 24. Be4 Rb8 25. Bc6+ Kf8 26. Rhe1 Nc5 27. b3 Nd3+ 28. Kd2 Nb4 29. Be4 Be6 30. Rc1 Nxa2 31. Rxc7 b4 32. Bc2 Bg4 33. Ra1 Nc3 34. Rxa6 Nd5 35. Rb7 Rc8 36. Raa7 Bxh5 37. g4 Bg6 38. Bxg6 fxg6 39. Rd7 g5 40. Bf2 Nf4 41. Bc5+ Ke8 42. Re7+ 1-0

[Event "CYCC U18"]
[Site "Richmond Hill CAN"]
[Date "2011.07.06"]
[Round "3"]
[White "Fan, Brendan"]
[Black "Sapozhnikov, Roman"]
[Result "1/2-1/2"]
[WhiteElo "2097"]
[BlackElo "2424"]
[PlyCount "95"]
[GameId "2160767909704077"]
[EventDate "2011.07.06"]
[EventType "swiss"]
[EventRounds "7"]
[EventCountry "CAN"]

1. e4 c5 2. Nc3 e6 3. f4 Nc6 4. Nf3 a6 5. d4 d5 6. exd5 exd5 7. Qe2+ Be7 8. dxc5 Nf6 9. Be3 O-O 10. O-O-O Qa5 11. Kb1 Be6 12. h3 Ne4 13. Qe1 d4 14. Bxd4 Nxc3+ 15. Bxc3 Qxa2+ 16. Kc1 Bxc5 17. Bd3 Rfe8 18. Ne5 Nb4 19. Qg3 Nd5 20. Rhe1 Nxc3 21. bxc3 f5 22. Kd2 Qa5 23. Ra1 Qc7 24. Qf3 Rad8 25. g4 Rf8 26. g5 Bd5 27. Qg3 Be4 28. Ra4 Bd5 29. Kc1 Rd6 30. c4 Bc6 31. Ra2 a5 32. g6 Rdf6 33. gxh7+ Kxh7 34. c3 a4 35. Qg5 Be8 36. Ng4 Bd6 37. Nxf6+ Rxf6 38. Bxf5+ Rxf5 39. Qxf5+ Bg6 40. Qb5 Bxf4+ 41. Kb2 Qd6 42. Re2 Qd3 43. Ka3 Qxc3+ 44. Kxa4 Bd3 45. Reb2 Be4 46. Ra3 Qc1 47. Kb3 Qd1+ 48. Ka2 1/2-1/2

[Event "CYCC U18"]
[Site "Richmond Hill CAN"]
[Date "2011.07.06"]
[Round "3"]
[White "Fu, Linda"]
[Black "Miller, David"]
[Result "0-1"]
[WhiteElo "918"]
[BlackElo "1936"]
[PlyCount "84"]
[GameId "2160767909704078"]
[EventDate "2011.07.06"]
[EventType "swiss"]
[EventRounds "7"]
[EventCountry "CAN"]

1. e4 c5 2. Nf3 d6 3. d4 cxd4 4. Nxd4 Nf6 5. Nc3 a6 6. Bg5 e6 7. f4 b5 8. e5 dxe5 9. fxe5 Qc7 10. exf6 Qe5+ 11. Qe2 Qxg5 12. Ne4 Qe5 13. fxg7 Bxg7 14. O-O-O O-O 15. Kb1 Nc6 16. c3 Bb7 17. g3 Nxd4 18. Rxd4 f5 19. Bg2 fxe4 20. Bxe4 Rad8 21. Re1 Rxd4 22. cxd4 Qxe4+ 23. Qxe4 Bxe4+ 24. Rxe4 Rf1+ 25. Kc2 Kf7 26. Rh4 h6 27. b3 Rf2+ 28. Kb1 Rd2 29. Rf4+ Bf6 30. Kc1 Rxh2 31. a4 bxa4 32. bxa4 Ra2 33. d5 exd5 34. g4 Re2 35. Kd1 Re4 36. Rxe4 dxe4 37. Ke2 Ke6 38. Ke3 Ke5 39. Ke2 Kd4 40. Kd2 Bg5+ 41. Ke2 e3 42. Ke1 Kd3 0-1

[Event "CYCC U18"]
[Site "Richmond Hill CAN"]
[Date "2011.07.06"]
[Round "3"]
[White "Orlova, Yelizaveta"]
[Black "Wang, Jesse BJ"]
[Result "0-1"]
[WhiteElo "2073"]
[BlackElo "1998"]
[PlyCount "86"]
[GameId "2160767909704079"]
[EventDate "2011.07.06"]
[EventType "swiss"]
[EventRounds "7"]
[EventCountry "CAN"]

1. b3 Nf6 2. Bb2 g6 3. e3 Bg7 4. Nf3 O-O 5. d4 c5 6. c4 d6 7. Bd3 Nc6 8. O-O Nd7 9. Qe2 Nb4 10. Rd1 Nxd3 11. Qxd3 cxd4 12. exd4 Nf6 13. Nc3 Bf5 14. Qe2 Qd7 15. Re1 Rfe8 16. Rad1 a6 17. Ng5 b5 18. Nce4 bxc4 19. bxc4 Nxe4 20. Nxe4 Bxe4 21. Qxe4 Qa4 22. Qe2 Qxa2 23. Ra1 Qb3 24. Ra3 Qb6 25. Re3 Rac8 26. Re4 Qb4 27. Ba3 Qxc4 28. Qxc4 Rxc4 29. Bxd6 Rxd4 30. Rxd4 Bxd4 31. Rxe7 Rxe7 32. Bxe7 f5 33. Kf1 Kf7 34. Bb4 Ke6 35. Ke2 Kd5 36. f3 Kc4 37. Bd2 Bc3 38. Bc1 a5 39. Kd1 Kb3 40. Be3 a4 41. Bc5 Bb4 42. Bd4 a3 43. Kc1 a2 0-1

[Event "CYCC U18"]
[Site "Richmond Hill CAN"]
[Date "2011.07.06"]
[Round "3"]
[White "Zhou, Kevin"]
[Black "Kagramanov, Dalia"]
[Result "1-0"]
[WhiteElo "1962"]
[BlackElo "1862"]
[PlyCount "117"]
[GameId "2160767909704080"]
[EventDate "2011.07.06"]
[EventType "swiss"]
[EventRounds "7"]
[EventCountry "CAN"]
[SourceTitle "EXT 2012"]
[Source "ChessBase"]
[SourceDate "2011.11.24"]
[SourceVersion "1"]
[SourceVersionDate "2011.11.24"]
[SourceQuality "1"]

1. e4 c5 2. Nf3 d6 3. d4 cxd4 4. Nxd4 Nf6 5. Nc3 Nc6 6. Be2 e6 7. O-O Be7 8. Be3 a6 9. a4 O-O 10. Nb3 b6 11. f4 Bb7 12. Bf3 Nd7 13. Qd2 Qc7 14. Rad1 Rad8 15. Qf2 Bf6 16. Nd4 Na5 17. f5 Rde8 18. Bg4 exf5 19. exf5 Nc4 20. Bc1 Nc5 21. Bf3 Ne4 22. Nxe4 Bxe4 23. Bxe4 Rxe4 24. c3 Rfe8 25. Rfe1 d5 26. Nf3 Qc6 27. Qc2 Nd6 28. Qd3 Nxf5 29. Qxa6 Qc5+ 30. Kh1 h6 31. Qf1 Bh4 32. Rxe4 dxe4 33. Nd4 Nxd4 34. Rxd4 Bf6 35. Rd2 e3 36. Re2 Bg5 37. Qd1 Qc4 38. Qc2 Qf4 39. Kg1 Qd6 40. g3 h5 41. Qf5 g6 42. Qf3 Qe6 43. Kg2 h4 44. gxh4 Bxh4 45. Rxe3 Qd7 46. Rxe8+ Qxe8 47. b3 Qe6 48. c4 Be7 49. Bb2 f6 50. Qd5 Qxd5+ 51. cxd5 Kf7 52. Kf3 Bd6 53. Bd4 Bc7 54. h3 Ke7 55. Be3 f5 56. Bf2 g5 57. Be3 f4 58. Bf2 Kd6 59. Ke4 1-0

[Event "CYCC U18"]
[Site "Richmond Hill CAN"]
[Date "2011.07.07"]
[Round "4"]
[White "Laceste, Loren"]
[Black "Orlova, Yelizaveta"]
[Result "1-0"]
[WhiteElo "2027"]
[BlackElo "1934"]
[PlyCount "81"]
[GameId "2160767909704081"]
[EventDate "2011.07.06"]
[EventType "swiss"]
[EventRounds "7"]
[EventCountry "CAN"]
[SourceTitle "EXT 2022"]
[Source "ChessBase"]
[SourceDate "2021.10.06"]
[SourceVersion "1"]
[SourceVersionDate "2021.10.06"]
[SourceQuality "1"]

1. d4 c5 2. d5 e5 3. e4 d6 4. Nc3 Be7 5. Bd3 Bg5 6. Nf3 Bxc1 7. Qxc1 Nh6 8. Qe3 a6 9. a4 b6 10. Nd2 Nd7 11. h3 Nf8 12. g3 f6 13. f4 Nf7 14. Be2 Bd7 15. h4 b5 16. b3 Ng6 17. f5 Ne7 18. Kf2 b4 19. Nd1 a5 20. Nb2 Qc7 21. Nbc4 g6 22. fxg6 hxg6 23. Raf1 O-O-O 24. Ke1 f5 25. Kd1 Rdf8 26. Kc1 Rhg8 27. Bf3 g5 28. hxg5 f4 29. gxf4 exf4 30. Qxf4 Ne5 31. Qe3 N7g6 32. Rh7 Nf4 33. Nxe5 dxe5 34. Bg4 Rd8 35. Nc4 Rxg5 36. d6 Qa7 37. Bf5 Rh5 38. Rg7 Rxf5 39. exf5 Nd5 40. Qxe5 Nc3 41. f6 1-0

[Event "CYCC U18"]
[Site "Richmond Hill CAN"]
[Date "2011.07.07"]
[Round "4"]
[White "Miller, David"]
[Black "Fan, Brendan"]
[Result "1-0"]
[WhiteElo "1936"]
[BlackElo "2097"]
[PlyCount "71"]
[GameId "2160767909704083"]
[EventDate "2011.07.06"]
[EventType "swiss"]
[EventRounds "7"]
[EventCountry "CAN"]

1. e4 c5 2. Nf3 d6 3. d4 cxd4 4. Nxd4 Nf6 5. Nc3 Bd7 6. f3 e5 7. Nb3 Bc6 8. Be3 Be7 9. Qd2 a5 10. a4 d5 11. exd5 Nxd5 12. Nxd5 Qxd5 13. Qxd5 Bxd5 14. Bb5+ Nc6 15. O-O-O Bxb3 16. cxb3 Bb4 17. Rd5 O-O 18. Bxc6 Rac8 19. Kb1 Rxc6 20. Rxe5 Rd8 21. Rc1 f6 22. Rxc6 bxc6 23. Re6 c5 24. Kc2 Kf7 25. Re4 f5 26. Bg5 Rd7 27. Re2 h6 28. Bd2 Rd5 29. Bc3 f4 30. Re5 Rd6 31. Rf5+ Kg6 32. Rxf4 Kh5 33. Bxb4 cxb4 34. Rf5+ g5 35. Rxa5 Kh4 36. Rc5 1-0